UK Number One Hits Of The 1980's - Statistics

General Stats
  • This quiz has been taken 259 times
  • The average score is 116 of 191
Answer Stats
Answer % Correct
Another Brick In The Wall (Part II) Pink Floyd
97%
Ashes To Ashes | Let's Dance David Bowie
95%
Under Pressure Queen & David Bowie
95%
Atomic | Call Me | The Tide Is High Blondie
94%
A Different Corner | Careless Whisper George Michael
94%
Into The Groove | La Isla Bonita | Like A Prayer | +3 others Madonna
94%
Billie Jean | One Day In Your Life Michael Jackson
94%
(Just Like) Starting Over | Imagine | Woman John Lennon
93%
Freedom | I'm Your Man | The Edge Of Heaven | Wake Me Up Before You Go-Go Wham!
93%
Don't Stand So Close To Me | Every Breath You Take | Every Little Thing She Does Is Magic The Police
92%
Super Trouper | The Winner Takes It All Abba
91%
Total Eclipse Of The Heart Bonnie Tyler
90%
Pipes of Peace Paul McCartney
90%
Do You Really Want To Hurt Me | Karma Chameleon Culture Club
89%
I Wanna Dance With Somebody (Who Loves Me) | One Moment In Time | Saving All My Love For You Whitney Houston
89%
Uptown Girl Billy Joel
88%
Always On My Mind | Heart | It's A Sin | West End Girls Pet Shop Boys
88%
Never Gonna Give You Up Rick Astley
88%
Come On Eileen | Geno Dexys Midnight Runners
87%
I Just Called To Say I Love You Stevie Wonder
87%
Red Red Wine UB40
87%
I Got You Babe UB40 & Chrissie Hynde
87%
Relax | The Power Of Love | Two Tribes Frankie Goes To Hollywood
86%
The Final Countdown Europe
85%
A Groovy Kind Of Love | You Can't Hurry Love Phil Collins
85%
Do They Know It's Christmas? Band Aid
84%
Down Under Men At Work
83%
Hello Lionel Richie
82%
Tainted Love Soft Cell
82%
Heaven Is A Place On Earth Belinda Carlisle
81%
Eye Of The Tiger Survivor
81%
I Want To Know What Love Is Foreigner
79%
Don't You Want Me The Human League
79%
I Think We're Alone Now Tiffany
79%
Is There Something I Should Know? | The Reflex Duran Duran
78%
99 Red Balloons Nena
78%
Ebony And Ivory Paul McCartney & Stevie Wonder
78%
Dancing In The Street David Bowie & Mick Jagger
77%
Eternal Flame The Bangles
77%
Mistletoe & Wine Cliff Richard
76%
Take My Breath Away Berlin
75%
Brass In Pocket The Pretenders
75%
The Sun Always Shines On TV A-Ha
74%
Rock Me Amadeus Falco
74%
Xanadu Olivia Newton-John & Electric Light Orchestra
74%
Orinoco Flow Enya
72%
House Of Fun Madness
72%
True Spandau Ballet
71%
Beat Surrender | Going Underground/Dreams Of Children | Start! | Town Called Malice/Precious The Jam
71%
There Must Be An Angel (Playing With My Heart) Eurythmics
70%
Green Door | Merry Christmas Everyone | Oh Julie | This Ole House Shakin' Stevens
70%
The Lady In Red Chris De Burgh
69%
Hand On Your Heart | I Should Be So Lucky Kylie Minogue
69%
When The Going Gets Tough, The Tough Get Going Billy Ocean
68%
Chain Reaction Diana Ross
67%
Prince Charming | Stand And Deliver Adam & The Ants
66%
Easy Lover Philip Bailey & Phil Collins
66%
Ghost Town The Specials
66%
Living Doll Cliff Richard & The Young Ones ft Hank Marvin
63%
Nothing's Gonna Stop Us Now Starship
62%
Desire U2
61%
China In Your Hand T'Pau
60%
Goody Two Shoes Adam Ant
59%
Making Your Mind Up | My Camera Never Lies | The Land Of Make Believe Bucks Fizz
59%
We Are The World USA For Africa
59%
Woman In Love Barbra Streisand
58%
Too Shy Kajagoogoo
58%
I Knew You Were Waiting (For Me) Aretha Franklin & George Michael
56%
Fame Irene Cara
56%
Especially For You Kylie Minogue & Jason Donovan
56%
Ferry Cross The Mersey The Christians, Holly Johnson, Paul McCartney, Gerry Marsden & Stock Aitken Waterman
55%
You Spin Me Round (Like A Record) Dead Or Alive
54%
Respectable Mel & Kim
54%
You Win Again Bee Gees
53%
Sealed With A Kiss | Too Many Broken Hearts Jason Donovan
52%
Baby Jane Rod Stewart
52%
Jealous Guy Roxy Music
52%
Caravan Of Love The Housemartins
52%
Coward Of The County Kenny Rogers
51%
The Model/Computer Love Kraftwerk
51%
Wherever I Lay My Hat (That's My Home) Paul Young
50%
Belfast Child Simple Minds
50%
Stand By Me Ben E. King
49%
The Only Way Is Up Yazz & The Plastic Population
49%
Pass The Dutchie Musical Youth
48%
A Good Heart Feargal Sharkey
47%
La Bamba Los Lobos
47%
Theme From S'Express S'Express
47%
I Feel For You Chaka Khan
46%
I Just Can't Stop Loving You Michael Jackson & Siedah Garrett
45%
19 Paul Hardcastle
45%
Reet Petite Jackie Wilson
44%
The Power Of Love Jennifer Rush
44%
Frankie Sister Sledge
41%
He Ain't Heavy, He's My Brother The Hollies
40%
The Lion Sleeps Tonight Tight Fit
40%
Ride On Time Black Box
39%
I Don't Wanna Dance Eddy Grant
39%
Perfect Fairground Attraction
39%
Every Loser Wins Nick Berry
39%
The Chicken Song Spitting Image
39%
Happy Talk Captain Sensible
38%
Spirit In The Sky Doctor & The Medics
38%
I Know Him So Well Elaine Paige & Barbara Dickson
38%
You Got It (The Right Stuff) New Kids On The Block
38%
There's No One Quite Like Grandma St Winifred's School Choir
37%
Everything I Own Boy George
36%
Give It Up KC & The Sunshine Band
36%
All Around The World Lisa Stansfield
36%
Pump Up The Volume Marrs
36%
Only You The Flying Pickets
36%
Don't Turn Around Aswad
35%
I Owe You Nothing Bros
35%
Theme From M*A*S*H (Suicide Is Painless) The Mash
35%
Do They Know It's Christmas? Band Aid II
34%
Begin The Beguine (Volver A Empezar) Julio Iglesias
34%
Don't Leave Me This Way The Communards & Sarah Jane Morris
34%
Let's Party | Swing The Mood | That's What I Like Jive Bunny & The Mastermixers
33%
Japanese Boy Aneka
31%
If I Was Midge Ure
31%
Something's Gotten Hold Of My Heart Marc Almond ft Gene Pitney
30%
With A Little Help From My Friends/She's Leaving Home Wet Wet Wet, Billy Bragg & Cara Tivey
30%
What's Another Year Johnny Logan
29%
Nothing's Gonna Change My Love For You Glenn Medeiros
28%
Crying Don McLean
27%
Seven Tears Goombay Dance Band
27%
Candy Girl New Edition
27%
Doctorin' The Tardis The Timelords
27%
Too Much Too Young - The Special AKA Live The Special AKA
26%
Move Closer Phyllis Nelson
25%
Save Your Love Renee & Renato
25%
Back To Life (However Do You Want Me) Soul II Soul
25%
Working My Way Back To You - Forgive Me Girl The Detroit Spinners
25%
Let It Be Ferry Aid
24%
Use It Up And Wear It Out Odyssey
24%
Feels Like I'm In Love Kelly Marie
22%
I've Never Been To Me Charlene
21%
I Should Have Known Better Jim Diamond
21%
A Little Peace Nicole
20%
I Want To Wake Up With You Boris Gardiner
19%
It's My Party Dave Stewart & Barbara Gaskin
19%
Being With You Smokey Robinson
19%
You'll Never Stop Me Loving You Sonia
19%
Star Trekkin The Firm
19%
Together We Are Beautiful Fern Kinney
12%
Jack Your Body Steve 'Silk' Hurley
12%
First Time Robin Beck
10%
You'll Never Walk Alone The Crowd
9%
Shaddap You Face Joe Dolce Music Theatre
6%
No matching quizzes found
Score Distribution
Percent of People with Each Score
Percentile by Number Answered
Your Score History
You have not taken this quiz